" Bioterrorism, An Issue Of Infectious Disease Clinics " (Record no. 437775)

MARC details
000 -LEADER
fixed length control field 00578nam a2200205Ia 4500
008 - FIXED-LENGTH DATA ELEMENTS--GENERAL INFORMATION
fixed length control field 210417s9999 xx 000 0 und d
020 ## - INTERNATIONAL STANDARD BOOK NUMBER
International Standard Book Number 9781416035107
-- 1416035109
082 ## - DEWEY DECIMAL CLASSIFICATION NUMBER
Classification number 616.905 KAH.20
Item number 2.616.905KAH.1.20
245 #0 - TITLE STATEMENT
Title " Bioterrorism, An Issue Of Infectious Disease Clinics "
Statement of responsibility, etc. Bioterrorism An Issue Of Infectious Disease Clinics
250 ## - EDITION STATEMENT
Edition statement 1st.ed
Remainder of edition statement 9.05 x 6.32 x 0.75 ; hbk
260 ## - PUBLICATION, DISTRIBUTION, ETC.
Place of publication, distribution, etc. North America
Name of publisher, distributor, etc. Saunders
Date of publication, distribution, etc. 2006
700 ## - ADDED ENTRY--PERSONAL NAME
Personal name Khardori Nancy
Numeration Nancy Khardori

No items available.

Find us on the map